Portafolio de negocios, modelo para armar (Registro nro. 18451)
[ vista simple ]
| 000 -LEADER | |
|---|---|
| fixed length control field | 00328 a2200109 4500 |
| 001 - CONTROL NUMBER | |
| control field | ART_43251 |
| 005 - DATE AND TIME OF LATEST TRANSACTION | |
| control field | 20260410161738.0 |
| 008 - FIXED-LENGTH DATA ELEMENTS--GENERAL INFORMATION | |
| fixed length control field | 260409a |
| 100 1# - MAIN ENTRY--PERSONAL NAME | |
| Personal name | Levy, Alberto R. |
| 245 10 - TITLE STATEMENT | |
| Title | Portafolio de negocios, modelo para armar |
| 773 0# - HOST ITEM ENTRY | |
| Title | Ejecutivos de finanzas |
| Related parts | - Año 7, Nº 58 (ago. 1989) |
| Record control number | REV2863 |
No hay ítems disponibles.